000 00368nam a2200157Ia 4500
003 Ost
005 20260225132550.0
008 260225s9999||||xx |||||||||||||| ||und||
040 _cfsic
041 _afre
082 _a440
100 _aPaul leglise
_eAuteur
245 0 _aHistoire de la politique du cinema Français /
245 0 _cPaul leglise
942 _cكتاب
999 _c34102
_d34102